00724cam a2200193u 450000100100000000500170001000800410002701000130006804000240008105000190010511000570012424500550018126000500023630000300028660000580031691000340037495201050040899900170051300001811320200929165347.0831201n ve c 000 0 spa  a72567856 aDO-SdBNPcCarPdDLC00aPQ8549.B3bZ741 aNatalicio de Andres Bello; [from old catalog]93925500acelebracion en Caracas el 29 de noviembre de 1969. aCaracas, :bPresidencia de la Republica 1970. a46 p. :bports. ;c24 cm.10aBello, Andres,d1781-1865xAnniversaries, etc.939256 aCatalogación por copia / LC 001050718MOaGRbGRcHDd2010-04-15iLF1l0o p18113-10r2020-06-25w2020-06-25y1ZNo se presta c17634d17634